|
|
|
|
| LEADER |
00000nab a2200000 a 4500 |
| 001 |
vtls000790174 |
| 003 |
SK-MaSNL |
| 005 |
20260304104820.0 |
| 008 |
250429c2001 xo 0 slo |
| 015 |
|
|
|a SNBRB2002/04-12847
|
| 035 |
|
|
|a CLN000141829
|
| 035 |
|
|
|a urn:nbn:sk:snk-abbv9n
|
| 035 |
|
|
|a (urnnbn)urn:nbn:sk:snk:ar-003jja
|
| 035 |
|
|
|a (uuid)40b50c02-0578-46c3-b633-086f60897810
|
| 040 |
|
|
|a SNKBUCL
|b slo
|c SNKBUCL
|e AACR2
|
| 041 |
0 |
|
|a slo
|
| 044 |
|
|
|a xo
|c SK
|
| 080 |
|
|
|a 885.4-1
|2 1997
|
| 100 |
1 |
|
|a Veselková, Marcela,
|d 1981-
|4 aut
|9 107726
|
| 245 |
1 |
0 |
|a [Básne]
|c Marcela Veselková
|
| 505 |
1 |
|
|a Sebareflexia -- V suchu -- Hviezdna noc -- Generačné blues -- Bez nôt
|
| 650 |
0 |
7 |
|a lyrické básne, slovenské
|2 snkbucl
|9 28980
|
| 655 |
|
7 |
|a články z novín a časopisov
|2 snkbucl
|9 267496
|
| 773 |
0 |
|
|t Dotyky
|g Roč. 13, č. 4 (2001), s. 32-33
|x 1210-2210
|
| 850 |
|
|
|a Slovenská národná knižnica
|
| 852 |
|
|
|a Slovenská národná knižnica
|
| 958 |
|
|
|a article15
|
| 958 |
|
|
|a OND
|
| 958 |
|
|
|a LX
|
| 958 |
|
|
|a SK
|
| 958 |
|
|
|a EUIPO
|
| 992 |
|
|
|a RBX
|
| 999 |
|
|
|c 2853111
|d 2855041
|